[Event "Ronne Jubilaum"]
[Site "Ronne"]
[Date "2001.06.27"]
[Round "5"]
[White "Hafner, Christian"]
[Black "Angskog, Kent"]
[Result "1/2-1/2"]
[WhiteElo "2111"]
[BlackElo "2160"]
[PlyCount "44"]
[EventDate "2001.??.??"]
[EventType "swiss"]
[EventRounds "9"]
[EventCountry "DEN"]
[SourceDate "2005.12.01"]

1. e4 g6 2. d4 Bg7 3. Nc3 d6 4. Be3 a6 5. Qd2 b5 6. f3 Nd7 7. g4 c5 8. O-O-O
Qa5 9. Kb1 b4 10. Nd5 e6 11. dxc5 dxc5 12. Nf4 Ne7 13. h4 h6 14. Nge2 c4 15.
Nxe6 fxe6 16. Nf4 Bxb2 17. Bxc4 Bc3 18. Qd6 Qe5 19. Nxe6 Qxd6 20. Rxd6 Rb8 21.
Nc7+ Kf8 22. Ne6+ Ke8 1/2-1/2

[Event "Ronne Jubilaum"]
[Site "Ronne"]
[Date "2001.06.27"]
[Round "5"]
[White "Henriksen, Geir I"]
[Black "Golovchenko, Gleb"]
[Result "0-1"]
[WhiteElo "2209"]
[BlackElo "2106"]
[PlyCount "92"]
[EventDate "2001.??.??"]
[EventType "swiss"]
[EventRounds "9"]
[EventCountry "DEN"]
[SourceDate "2005.12.01"]

1. d4 Nf6 2. Nf3 b6 3. c4 e6 4. Nc3 Bb4 5. Bg5 h6 6. Bh4 Bb7 7. e3 g5 8. Bg3
Ne4 9. Qc2 Bxc3+ 10. bxc3 d6 11. Bd3 f5 12. d5 exd5 13. cxd5 Bxd5 14. Nd4 Qf6
15. Bb5+ Nd7 16. O-O a6 17. c4 Bb7 18. Bxd7+ Kxd7 19. Qa4+ Kc8 20. f3 Nc5 21.
Qc2 f4 22. Bf2 Kd7 23. Nf5 Rae8 24. e4 Rhg8 25. Rfe1 g4 26. Bxc5 bxc5 27. Kh1
gxf3 28. gxf3 Qxf5 29. Qa4+ Bc6 30. Qxc6+ Kxc6 31. exf5 Ref8 32. Re6 h5 33. f6
Rg6 34. Rg1 Rxg1+ 35. Kxg1 Rf7 36. Kf2 Kd7 37. Re2 Rxf6 38. Re4 Rf5 39. h4 c6
40. Re2 d5 41. Rb2 Kc7 42. Rb1 Re5 43. Rg1 d4 44. Rg5 Rxg5 45. hxg5 Kd6 46. g6
Ke6 0-1

[Event "Ronne Jubilaum"]
[Site "Ronne"]
[Date "2001.06.27"]
[Round "5"]
[White "Tetenkina, Irina"]
[Black "Carlsen, Magnus"]
[Result "1/2-1/2"]
[WhiteElo "2221"]
[BlackElo "2288"]
[PlyCount "46"]
[EventDate "2001.??.??"]
[EventType "swiss"]
[EventRounds "9"]
[EventCountry "DEN"]
[SourceDate "2005.12.01"]

1. c4 Nf6 2. Nc3 c5 3. g3 Nc6 4. Bg2 g6 5. e3 Bg7 6. Nge2 O-O 7. O-O d6 8. d4
Bd7 9. b3 Qc8 10. Re1 Bh3 11. Bh1 Bg4 12. Bb2 cxd4 13. exd4 e5 14. Qd2 Qf5 15.
Nb5 Rfd8 16. d5 Ne7 17. f3 Bh3 18. g4 Qd7 19. Qg5 h5 20. Nxd6 Qxd6 21. Bxe5
Qb6+ 22. Bd4 Qd6 23. Be5 Qb6+ 1/2-1/2

[Event "Ronne Jubilaum"]
[Site "Ronne"]
[Date "2001.06.27"]
[Round "5"]
[White "Lindberg, Henrik"]
[Black "Allgaier, Erik"]
[Result "1/2-1/2"]
[WhiteElo "2210"]
[BlackElo "2276"]
[PlyCount "65"]
[EventDate "2001.??.??"]
[EventType "swiss"]
[EventRounds "9"]
[EventCountry "DEN"]
[SourceDate "2005.12.01"]

1. c4 d6 2. Nc3 c5 3. g3 Nd7 4. Bg2 g6 5. e3 Bg7 6. Nge2 Ngf6 7. O-O O-O 8. d3
a5 9. b3 Re8 10. Rb1 Nf8 11. Bb2 h5 12. a3 N8h7 13. Qd2 h4 14. b4 axb4 15. axb4
Ng5 16. f4 Nh3+ 17. Kh1 Nh5 18. f5 hxg3 19. hxg3 Ng5 20. fxg6 fxg6 21. Bd5+ Kh7
22. Ne4 Bg4 23. Kh2 e5 24. Nxg5+ Qxg5 25. Bf3 Nxg3 26. Nxg3 Qh4+ 27. Kg1 Qxg3+
28. Qg2 Qxg2+ 29. Kxg2 Bxf3+ 30. Kxf3 e4+ 31. dxe4 Rf8+ 32. Ke2 Rxf1 33. Kxf1
1/2-1/2

[Event "Ronne Jubilaum"]
[Site "Ronne"]
[Date "2001.06.27"]
[Round "5"]
[White "Pajkic, Nicolas"]
[Black "Schultz Pedersen, Jesper"]
[Result "0-1"]
[WhiteElo "1903"]
[BlackElo "2206"]
[PlyCount "160"]
[EventDate "2001.??.??"]
[EventType "swiss"]
[EventRounds "9"]
[EventCountry "DEN"]
[SourceDate "2005.12.01"]

1. e4 Nc6 2. d4 d5 3. e5 Bf5 4. Bd3 Nxd4 5. c3 Bxd3 6. Qxd3 Nc6 7. Nf3 Qd7 8.
O-O e6 9. b4 Nge7 10. Nbd2 Ng6 11. Re1 Be7 12. Nb3 a6 13. a4 O-O 14. Bd2 Rac8
15. b5 Nb8 16. c4 c6 17. b6 c5 18. a5 Rfd8 19. Rad1 Qa4 20. Rc1 dxc4 21. Qxc4
Qb5 22. Re3 Rd5 23. g3 Nc6 24. Qc3 Rcd8 25. Rce1 Rd3 26. Qc2 c4 27. Nc1 Rxe3
28. Rxe3 Ngxe5 29. Nxe5 Nxe5 30. Bc3 Bf6 31. Ne2 Ng4 32. Re4 Qf5 33. Nd4 Bxd4
34. Bxd4 h5 35. Qe2 Qxa5 36. h3 Nf6 37. Bxf6 gxf6 38. Rxc4 Qb5 39. Kh2 Qxb6 40.
Rf4 Qb5 41. Qf3 Rd3 42. Qe2 Rd5 43. Qe1 Rf5 44. Rb4 Rxf2+ 45. Qxf2 Qxb4 46.
Qxf6 Qd2+ 47. Kg1 Qd5 48. Qf4 a5 49. g4 hxg4 50. Qxg4+ Kh7 51. Kh2 Qe5+ 52. Kh1
b5 53. Qh4+ Kg6 54. Qg4+ Qg5 55. Qe4+ Qf5 56. Qg2+ Kh7 57. Qg3 b4 58. Kh2 e5
59. Qh4+ Kg7 60. Qg3+ Kf8 61. Kg1 Qc2 62. Kh1 Qc6+ 63. Kh2 b3 64. Qg5 Qd6 65.
Qc1 Ke7 66. Qc8 Qb6 67. Qf5 Qe6 68. Qe4 f5 69. Qh4+ Qf6 70. Qc4 Qb6 71. Qh4+
Kd7 72. Qh7+ Kc6 73. Qg6+ Kb7 74. Qf7+ Ka6 75. Qc4+ Ka7 76. Qf7+ Qb7 77. Qxf5
b2 78. Qf2+ Ka8 79. Qf8+ Qb8 80. Qf3+ e4+ 0-1

[Event "Ronne Jubilaum"]
[Site "Ronne"]
[Date "2001.06.27"]
[Round "5"]
[White "Eriksson, Bo"]
[Black "Aurlund, Kjell"]
[Result "1-0"]
[WhiteElo "2232"]
[BlackElo "2305"]
[PlyCount "125"]
[EventDate "2001.??.??"]
[EventType "swiss"]
[EventRounds "9"]
[EventCountry "DEN"]
[SourceDate "2005.12.01"]

1. d4 g6 2. c4 Bg7 3. Nc3 Nf6 4. e4 d6 5. Nf3 O-O 6. Be2 a5 7. O-O Na6 8. Bg5
h6 9. Be3 e5 10. dxe5 dxe5 11. h3 Nd7 12. Qd2 Kh7 13. Rfd1 c6 14. a3 Qe7 15.
Rab1 f5 16. Qd6 Bf6 17. Qxe7+ Bxe7 18. Na4 Nac5 19. Nxe5 Nxe5 20. Nxc5 f4 21.
Bd4 f3 22. Bf1 fxg2 23. Kxg2 Nf3 24. Be3 Ng5 25. Nd7 Rf7 26. Bxg5 Bxg5 27. Nb6
Rb8 28. Nxc8 Rxc8 29. f3 Re8 30. Rd3 Bf4 31. Rbd1 Re5 32. Rd7 Kg7 33. b3 h5 34.
b4 axb4 35. axb4 Bg5 36. Kf2 Be7 37. Ke3 Bxb4 38. f4 Bc5+ 39. Kf3 Ree7 40. Rxe7
Rxe7 41. Rd2 Bb4 42. Rg2 Kf7 43. Bd3 Rd7 44. Ke2 Rd4 45. Rg3 h4 46. Rg4 Be1 47.
e5 Bg3 48. Bxg6+ Ke7 49. Ke3 Rxc4 50. Bd3 Rb4 51. Be4 Rb3+ 52. Kd4 Bf2+ 53. Kc4
Rxh3 54. Rg7+ Ke6 55. Rxb7 Re3 56. Bxc6 Kf5 57. Rf7+ Kg4 58. e6 h3 59. Rg7+
Kxf4 60. e7 h2 61. Rh7 Bh4 62. Rxh4+ Kg3 63. Re4 1-0

[Event "Ronne Jubilaum"]
[Site "Ronne"]
[Date "2001.06.27"]
[Round "5"]
[White "Solem, Trond"]
[Black "Dalrud, Endre"]
[Result "1-0"]
[WhiteElo "2185"]
[BlackElo "2145"]
[PlyCount "57"]
[EventDate "2001.??.??"]
[EventType "swiss"]
[EventRounds "9"]
[EventCountry "DEN"]
[SourceDate "2005.12.01"]

1. d4 d5 2. c4 e6 3. Nc3 c6 4. cxd5 exd5 5. Bf4 Bf5 6. e3 Nf6 7. f3 Bd6 8. Nge2
O-O 9. Qd2 Re8 10. g4 Bxf4 11. Nxf4 Bxg4 12. fxg4 Nxg4 13. Ng2 Qf6 14. Bd3 Nxe3
15. Nxe3 Qf3 16. Rf1 Qxe3+ 17. Qxe3 Rxe3+ 18. Kd2 Re8 19. Bxh7+ Kxh7 20. Rxf7
Na6 21. Rg1 Rg8 22. Rxb7 Rac8 23. Rxa7 Nc7 24. Re1 Nb5 25. Nxb5 cxb5 26. Rd7
Rgf8 27. Re2 Rcd8 28. Rxd8 Rxd8 29. Kc3 1-0

[Event "Ronne Jubilaum"]
[Site "Ronne"]
[Date "2001.06.27"]
[Round "5"]
[White "Schmidt, Horst Hubert"]
[Black "Rorvik, Jon F"]
[Result "0-1"]
[WhiteElo "2006"]
[BlackElo "2174"]
[PlyCount "136"]
[EventDate "2001.??.??"]
[EventType "swiss"]
[EventRounds "9"]
[EventCountry "DEN"]
[SourceDate "2005.12.01"]

1. d4 d5 2. Nf3 Nf6 3. e3 e6 4. c4 c6 5. Nc3 Nbd7 6. Bd3 Bd6 7. cxd5 exd5 8.
O-O O-O 9. e4 dxe4 10. Bxe4 Nxe4 11. Nxe4 Nf6 12. Bg5 Be7 13. Bxf6 Bxf6 14.
Nxf6+ Qxf6 15. Qb3 Rb8 16. d5 cxd5 17. Qxd5 Qxb2 18. Rab1 Qf6 19. Qa5 Bf5 20.
Rb4 Bd3 21. Rc1 Rbc8 22. Re1 Qc3 23. Ra4 Qxa5 24. Rxa5 a6 25. h4 Rfe8 26. Rxe8+
Rxe8 27. Rc5 h6 28. Rc7 b5 29. Ra7 b4 30. Nd4 Re1+ 31. Kh2 Re4 32. Nf5 Re2 33.
Ne7+ Kh7 34. Nc6 Rxf2 35. Kg3 Rxa2 36. Nxb4 Ra3 37. Kf2 Bc4 38. Rc7 Be6 39. Rc5
Ra4 40. Nd3 Rxh4 41. Ra5 Rd4 42. Ke3 Rd6 43. Nf4 Bc4 44. Rc5 Bb5 45. Nd5 Rc6
46. Rxc6 Bxc6 47. Nb4 Bxg2 48. Nxa6 g5 49. Kf2 Ba8 50. Nc5 Kg6 51. Nd7 Kf5 52.
Nb6 Bc6 53. Nc4 h5 54. Nd6+ Kg6 55. Nc4 Bd5 56. Ne3 Bb3 57. Kg3 f5 58. Nf1 f4+
59. Kh3 Be6+ 60. Kh2 g4 61. Nd2 Bd5 62. Nf1 Kg5 63. Nd2 h4 64. Nf1 h3 65. Nd2
Kh4 66. Kg1 g3 67. Nf1 Bc6 68. Nd2 h2+ 0-1

[Event "Ronne Jubilaum"]
[Site "Ronne"]
[Date "2001.06.27"]
[Round "5"]
[White "Moller, Morten Kock"]
[Black "Brauer, Christian"]
[Result "0-1"]
[WhiteElo "1859"]
[BlackElo "2286"]
[PlyCount "124"]
[EventDate "2001.??.??"]
[EventType "swiss"]
[EventRounds "9"]
[EventCountry "DEN"]
[SourceDate "2005.12.01"]

1. e4 e6 2. d4 d5 3. exd5 exd5 4. Bd3 c5 5. dxc5 Bxc5 6. Nf3 Ne7 7. h3 Nbc6 8.
O-O Qd6 9. Nc3 a6 10. Ne2 h6 11. c3 O-O 12. Ned4 Bb6 13. Be3 Bc7 14. Nxc6 Nxc6
15. Bd4 Nxd4 16. cxd4 Bd7 17. Re1 Rfe8 18. Qd2 Qf6 19. Rxe8+ Rxe8 20. Re1 Rxe1+
21. Qxe1 g6 22. Ne5 Be6 23. Qe3 Kg7 24. Qe2 Qf4 25. Nf3 Qc1+ 26. Ne1 Ba5 27.
Kf1 Kh7 28. b3 Qa1 29. Bc2 Bxe1 30. Qxe1 Qxd4 31. Qd1 Qc3 32. Bd3 Kg7 33. Qc2
Qxc2 34. Bxc2 Kf6 35. Ke2 Ke5 36. Kd2 Kd4 37. Bd1 Bf5 38. Be2 Be4 39. g3 Bf5
40. h4 h5 41. a3 Bd7 42. Kc2 Ke4 43. Kd2 d4 44. f3+ Ke5 45. Bd3 Bc6 46. f4+ Kd6
47. f5 gxf5 48. Bxf5 Ke5 49. Bd3 Be4 50. Be2 Bg6 51. Bf3 b6 52. Ke1 f5 53. Be2
a5 54. b4 axb4 55. axb4 f4 56. gxf4+ Kxf4 57. Kf2 d3 58. Bf3 d2 59. Bd1 Bd3 60.
Bb3 Ke4 61. Bd1 Kd4 62. Bxh5 Bc2 0-1

[Event "Ronne Jubilaum"]
[Site "Ronne"]
[Date "2001.06.27"]
[Round "5"]
[White "Hansen, Jacob "]
[Black "Petersen, Tom Petri"]
[Result "0-1"]
[WhiteElo "1878"]
[BlackElo "2098"]
[PlyCount "116"]
[EventDate "2001.??.??"]
[EventType "swiss"]
[EventRounds "9"]
[EventCountry "DEN"]
[SourceDate "2005.12.01"]

1. e4 g6 2. d4 Bg7 3. c3 d6 4. Nf3 Nf6 5. Nbd2 O-O 6. Bc4 c6 7. O-O Nbd7 8. Re1
e5 9. Bb3 Qe7 10. Qe2 h6 11. a4 Re8 12. a5 Nf8 13. h3 Nh5 14. dxe5 dxe5 15. Nc4
Ne6 16. Qf1 Nef4 17. Kh2 Ne6 18. Be3 Ng5 19. Ncd2 Bf6 20. Ng1 Kg7 21. Bd1 Nf4
22. h4 Nh7 23. g3 Ne6 24. Bg4 h5 25. Bh3 Bd7 26. Ngf3 Red8 27. Red1 Nc5 28. Ne1
Bg4 29. f3 Bxh3 30. Qxh3 Nd3 31. Qf1 Nxe1 32. Qxe1 Nf8 33. Nc4 Ne6 34. b4 Qc7
35. Qf2 c5 36. bxc5 Be7 37. Rxd8 Rxd8 38. Nd6 Bxd6 39. cxd6 Rxd6 40. Ra3 a6 41.
f4 exf4 42. gxf4 Rd3 43. Bd2 Nc5 44. Qe2 Qe7 45. Be1 Qxe4 46. Qxe4 Nxe4 47. Ra4
Re3 48. Ra1 Kf6 49. c4 Kf5 50. Kg2 Kxf4 51. Bb4 Kg4 52. Rf1 Re2+ 53. Kg1 f5 54.
Rd1 f4 55. Be7 f3 56. Bd8 Rg2+ 57. Kf1 Ng3+ 58. Ke1 Re2# 0-1

[Event "Ronne Jubilaum"]
[Site "Ronne"]
[Date "2001.06.27"]
[Round "5"]
[White "Hornsgaard, Jens Boe"]
[Black "Andersen, Kaare Vissing"]
[Result "1-0"]
[WhiteElo "1902"]
[BlackElo "2312"]
[PlyCount "103"]
[EventDate "2001.??.??"]
[EventType "swiss"]
[EventRounds "9"]
[EventCountry "DEN"]
[SourceDate "2005.12.01"]

1. e4 g6 2. d4 Bg7 3. Nc3 d6 4. Be3 c6 5. Qd2 Nd7 6. O-O-O Qa5 7. Bc4 b5 8. Bb3
Qb6 9. Nf3 h6 10. e5 d5 11. e6 fxe6 12. Qd3 Nf8 13. Ne5 a5 14. a4 b4 15. Ne2
Ba6 16. Qd2 Nf6 17. f3 Bxe2 18. Qxe2 N6d7 19. f4 Nf6 20. Qf3 Ne4 21. Bc4 Rb8
22. Bd3 Nc3 23. Rd2 Nxa4 24. Bxg6+ Nxg6 25. Nxg6 Nc3 26. Nxh8 Bxh8 27. f5 Qb5
28. fxe6 Bf6 29. Qh5+ Kd8 30. Qxh6 Kc8 31. Bf4 Ra8 32. bxc3 bxc3 33. Rd3 Qb2+
34. Kd1 a4 35. Bc1 Qa1 36. Qe3 a3 37. Rxc3 a2 38. Ke2 Qb1 39. Rxc6+ Kb7 40. Bb2
Kxc6 41. Qc3+ Kd6 42. Rd1 Rb8 43. Qg3+ Kc6 44. Qxb8 Qxc2+ 45. Ke1 Bh4+ 46. g3
Qe4+ 47. Kd2 Bg5+ 48. Kc3 a1=Q 49. Qc8+ Kb6 50. Qc5+ Kb7 51. Qb5+ Kc8 52. Bxa1
1-0

[Event "Ronne Jubilaum"]
[Site "Ronne"]
[Date "2001.06.27"]
[Round "5"]
[White "Lilja, Richard"]
[Black "Munch, Anders"]
[Result "1-0"]
[WhiteElo "2104"]
[BlackElo "1857"]
[PlyCount "83"]
[EventDate "2001.??.??"]
[EventType "swiss"]
[EventRounds "9"]
[EventCountry "DEN"]
[SourceDate "2005.12.01"]

1. e4 e6 2. Nc3 d5 3. Nf3 c5 4. exd5 exd5 5. Bb5+ Nc6 6. Ne5 Nge7 7. d4 c4 8.
O-O a6 9. Bxc6+ Nxc6 10. Re1 Be6 11. Qh5 Be7 12. Nxc6 bxc6 13. Rxe6 g6 14. Qe5
Kd7 15. Bf4 fxe6 16. Re1 Rc8 17. Qxe6+ Ke8 18. Bd6 Rc7 19. Bxc7 Qxc7 20. Na4
Kd8 21. Nc5 a5 22. Qf7 Qa7 23. Ne6+ Kc8 24. Nf4 Qxd4 25. g3 Bc5 26. Ne6 Qxf2+
27. Qxf2 Bxf2+ 28. Kxf2 Kd7 29. c3 Kd6 30. Re2 h6 31. Nd4 c5 32. Nf3 Rf8 33.
Rd2 g5 34. h3 a4 35. a3 Ke6 36. g4 Rf4 37. Kg3 Kf6 38. Rf2 Ke6 39. h4 d4 40.
cxd4 cxd4 41. hxg5 Rxf3+ 42. Kxf3 1-0

[Event "Ronne Jubilaum"]
[Site "Ronne"]
[Date "2001.06.27"]
[Round "5"]
[White "Grahn, Lars"]
[Black "Evensen, Tom Richard"]
[Result "1-0"]
[WhiteElo "2100"]
[BlackElo "1838"]
[PlyCount "153"]
[EventDate "2001.??.??"]
[EventType "swiss"]
[EventRounds "9"]
[EventCountry "DEN"]
[SourceDate "2005.12.01"]

1. d4 d5 2. c4 c6 3. cxd5 cxd5 4. Bf4 Nc6 5. e3 Nf6 6. Nc3 e6 7. Nf3 Bd6 8. Bg3
O-O 9. Bd3 Re8 10. O-O a6 11. Rc1 Bxg3 12. hxg3 Qd6 13. Bb1 b5 14. Ne2 Bb7 15.
Nf4 Rac8 16. Nd3 Ne4 17. Nc5 Nxc5 18. dxc5 Qe7 19. Qd2 Red8 20. b4 e5 21. Bf5
Rc7 22. Ra1 d4 23. e4 g6 24. Bh3 Kg7 25. Rfb1 h6 26. a4 Na7 27. Re1 Bc6 28. a5
Be8 29. Qa2 Nc6 30. Rab1 Ra8 31. Red1 Rb8 32. Ne1 Nd8 33. Nd3 f6 34. Qd2 Bf7
35. Re1 Nc6 36. Bg4 Bc4 37. Bd1 Qe6 38. Bc2 Rh8 39. f3 h5 40. Kf2 Rb7 41. Rh1
Rbb8 42. Rh4 Qf7 43. Ke1 g5 44. Rh1 Qg6 45. Kf2 Rh6 46. Rbg1 Qf7 47. Rb1 Qe6
48. Rh2 Rbh8 49. Qe2 h4 50. g4 Ne7 51. Qd2 Ng6 52. Ke1 Rd8 53. Kd1 Rdh8 54. Kc1
Rd8 55. Kb2 Ne7 56. Ka3 Nc6 57. Rc1 Rhh8 58. Rch1 Qc8 59. Qc1 Qc7 60. Qe1 Bg8
61. g3 Qf7 62. Qb1 Qc4 63. Qb2 hxg3 64. Rxh8 g2 65. Rxg8+ Rxg8 66. Rg1 Rh8 67.
Rxg2 Rh1 68. Qb3 Qc3 69. Qxc3 dxc3 70. Kb3 Rf1 71. Rf2 Nd4+ 72. Kxc3 Ra1 73.
Kb2 Rh1 74. Nc1 Nc6 75. Nd3 Nd4 76. Bb3 Kh8 77. Bd5 1-0

[Event "Ronne Jubilaum"]
[Site "Ronne"]
[Date "2001.06.27"]
[Round "5"]
[White "Johansson, Pelle"]
[Black "Poulsen, Morten Kjar"]
[Result "0-1"]
[WhiteElo "2078"]
[BlackElo "1785"]
[PlyCount "154"]
[EventDate "2001.??.??"]
[EventType "swiss"]
[EventRounds "9"]
[EventCountry "DEN"]
[SourceDate "2005.12.01"]

1. d4 d5 2. Nf3 Nf6 3. c4 e6 4. g3 Be7 5. Bg2 O-O 6. O-O Nbd7 7. Qc2 c5 8. cxd5
exd5 9. Nc3 b6 10. Bf4 Bb7 11. dxc5 bxc5 12. Ne5 Qc8 13. Bh3 d4 14. Nxd7 Nxd7
15. Ne4 Qc6 16. Bg2 Kh8 17. Bf3 Qb6 18. h4 Nf6 19. Nxf6 Bxf6 20. Bxb7 Qxb7 21.
Rab1 Rac8 22. Qc4 Rfe8 23. Rfc1 Qd7 24. Qd3 Qe6 25. Rc2 Qxa2 26. Rbc1 c4 27.
Rxc4 Rxc4 28. Qxc4 Qxb2 29. Rc2 Qb1+ 30. Kg2 Qb7+ 31. Qc6 Qxc6+ 32. Rxc6 h6 33.
Kf3 Re6 34. Rc7 Re7 35. Rc6 Rd7 36. Ra6 Bd8 37. Ke4 Bb6 38. Kd3 Kg8 39. Bd2 f5
40. Ba5 Bxa5 41. Rxa5 g6 42. Ra6 Kg7 43. Kc4 g5 44. h5 Re7 45. Kxd4 Rxe2 46.
Rxa7+ Kf6 47. Ra6+ Re6 48. Ra7 g4 49. Kd3 Kg5 50. Ra5 Rf6 51. Ke3 Kxh5 52. Kf4
Kg6 53. Rb5 Ra6 54. Rb4 Re6 55. Ra4 Re2 56. Ra6+ Kh5 57. Kxf5 Rxf2+ 58. Ke4 Rf3
59. Ra5+ Kg6 60. Ra6+ Rf6 61. Ra5 h5 62. Rb5 Ra6 63. Rb4 Re6+ 64. Kf4 Rf6+ 65.
Ke4 h4 66. gxh4 Kh5 67. Ke3 Kxh4 68. Ke2 Kh3 69. Rb8 g3 70. Rh8+ Kg2 71. Rh7
Re6+ 72. Kd1 Kg1 73. Rh8 g2 74. Rh7 Re5 75. Rh8 Kf2 76. Rf8+ Kg3 77. Rg8+ Kf3
0-1

[Event "Ronne Jubilaum"]
[Site "Ronne"]
[Date "2001.06.27"]
[Round "5"]
[White "Petersen, Jan"]
[Black "Andersen, Rune"]
[Result "0-1"]
[WhiteElo "1742"]
[BlackElo "2298"]
[PlyCount "142"]
[EventDate "2001.??.??"]
[EventType "swiss"]
[EventRounds "9"]
[EventCountry "DEN"]
[SourceDate "2005.12.01"]

1. e4 c5 2. d4 cxd4 3. c3 d5 4. exd5 Nf6 5. cxd4 Nxd5 6. Nc3 Nc6 7. Nf3 e6 8.
Bd3 Be7 9. O-O O-O 10. Re1 b6 11. Be4 Bb7 12. Nxd5 exd5 13. Bf5 Bc8 14. Qc2
Bxf5 15. Qxf5 Bf6 16. Bg5 Nxd4 17. Bxf6 Nxf5 18. Bxd8 Raxd8 19. Re5 g6 20. g4
f6 21. Re2 Nd6 22. Rd1 Nb5 23. a4 Nc7 24. Nd4 Rfe8 25. Rc2 Rd7 26. Rdc1 Ne6 27.
Nxe6 Rxe6 28. Rc8+ Kg7 29. Kf1 Kh6 30. R8c7 Ree7 31. Rxd7 Rxd7 32. f4 Kg7 33.
Rc6 Kf7 34. f5 gxf5 35. gxf5 Kg7 36. Kf2 d4 37. Ke2 d3+ 38. Kd2 Rd5 39. Rc7+
Kh6 40. Rxa7 Rxf5 41. Rb7 Rf2+ 42. Kxd3 Rxb2 43. a5 b5 44. a6 Rxh2 45. Rxb5 Ra2
46. Rb6 Kg5 47. Rb7 Rxa6 48. Rxh7 Re6 49. Rg7+ Kf4 50. Rg1 f5 51. Rf1+ Kg5 52.
Rg1+ Kf6 53. Rh1 Re4 54. Rg1 Ke5 55. Rf1 f4 56. Ra1 Re3+ 57. Kd2 Ke4 58. Rh1
Rd3+ 59. Ke1 Ra3 60. Rh8 Ke3 61. Kf1 Ra1+ 62. Kg2 f3+ 63. Kg3 Rg1+ 64. Kh2 f2
65. Re8+ Kd4 66. Rd8+ Ke5 67. Re8+ Kd6 68. Rd8+ Ke7 69. Rd2 Rh1+ 70. Kxh1 f1=Q+
71. Kh2 Qf4+ 0-1

[Event "Ronne Jubilaum"]
[Site "Ronne"]
[Date "2001.06.27"]
[Round "5"]
[White "Henrichsen, Jens"]
[Black "Blum, Thomas"]
[Result "1-0"]
[WhiteElo "2051"]
[BlackElo "2117"]
[PlyCount "72"]
[EventDate "2001.??.??"]
[EventType "swiss"]
[EventRounds "9"]
[EventCountry "DEN"]
[SourceDate "2005.12.01"]

1. d4 d5 2. c4 dxc4 3. Nf3 Bf5 4. e3 e6 5. Bxc4 Nf6 6. Nc3 Bb4 7. Qa4+ Nc6 8.
Ne5 Bxc3+ 9. bxc3 O-O 10. Nxc6 bxc6 11. f3 Qd7 12. e4 Bg6 13. O-O Kh8 14. Bg5
Ne8 15. Rfd1 Nd6 16. Bf1 f6 17. Be3 Rfd8 18. c4 Be8 19. Rab1 Qe7 20. Qa6 Bd7
21. a4 Nf7 22. Bf2 Qa3 23. Rd3 Qe7 24. Qa5 Bc8 25. Rdb3 e5 26. d5 cxd5 27. cxd5
f5 28. Rc3 fxe4 29. fxe4 Nd6 30. Bd3 Qf6 31. Rf1 Qg6 32. Re1 Rf8 33. Bg3 h5 34.
Rxc7 Qg5 35. Qc3 Bh3 36. Qxe5 h4 1-0

[Event "Ronne Jubilaum"]
[Site "Ronne"]
[Date "2001.06.27"]
[Round "5"]
[White "Nielsen, Rasmus Lundberg"]
[Black "Christiansen, Erling Molbaek"]
[Result "1/2-1/2"]
[WhiteElo "1684"]
[BlackElo "1928"]
[PlyCount "29"]
[EventDate "2001.??.??"]
[EventType "swiss"]
[EventRounds "9"]
[EventCountry "DEN"]
[SourceDate "2005.12.01"]

1. e4 e5 2. Nf3 Nc6 3. d4 exd4 4. Nxd4 Bc5 5. Be3 Qf6 6. c3 Nge7 7. Bc4 d6 8.
O-O a6 9. Nxc6 Nxc6 10. Bxc5 dxc5 11. Nd2 O-O 12. f4 Be6 13. Bd3 Qd8 14. Qe2 f6
15. Bc4 1/2-1/2

[Event "Ronne Jubilaum"]
[Site "Ronne"]
[Date "2001.06.27"]
[Round "5"]
[White "Taksrud, Vidar"]
[Black "Mildenberger, Hans"]
[Result "1-0"]
[WhiteElo "1944"]
[BlackElo "1700"]
[PlyCount "57"]
[EventDate "2001.??.??"]
[EventType "swiss"]
[EventRounds "9"]
[EventCountry "DEN"]
[SourceDate "2005.12.01"]

1. Nf3 Nf6 2. c4 d6 3. d4 g6 4. Nc3 Bg7 5. g3 O-O 6. Bg2 Nbd7 7. O-O e5 8. e4
exd4 9. Nxd4 Nc5 10. h3 Rb8 11. Be3 Re8 12. Qc2 a6 13. Rad1 Qe7 14. Rfe1 Be6
15. Nxe6 Nxe6 16. Nd5 Nxd5 17. exd5 Nc5 18. b4 Nd7 19. Ba7 Qxe1+ 20. Rxe1 Rxe1+
21. Kh2 Rbe8 22. Be3 Nf6 23. c5 dxc5 24. bxc5 Rd8 25. Qb3 Ra1 26. Qxb7 Rxa2 27.
Qxc7 Rd7 28. Qc8+ Bf8 29. Bh6 1-0

[Event "Ronne Jubilaum"]
[Site "Ronne"]
[Date "2001.06.27"]
[Round "5"]
[White "Holstein Ratlau, Claus Hoeg"]
[Black "Knudsen, Jesper"]
[Result "0-1"]
[WhiteElo "1827"]
[BlackElo "1617"]
[PlyCount "82"]
[EventDate "2001.??.??"]
[EventType "swiss"]
[EventRounds "9"]
[EventCountry "DEN"]
[SourceDate "2005.12.01"]

1. d4 Nf6 2. c4 g6 3. Nc3 Bg7 4. e4 d6 5. f4 O-O 6. Nf3 c5 7. d5 e6 8. Be2 exd5
9. cxd5 b5 10. e5 Nfd7 11. exd6 a6 12. O-O Re8 13. a3 Nb6 14. Ne5 Qxd6 15. Bf3
f5 16. Re1 Ra7 17. Be3 Rae7 18. b4 cxb4 19. axb4 N8d7 20. Bd4 Nc4 21. Ne2 Ncxe5
22. fxe5 Bxe5 23. Bxe5 Rxe5 24. Qd4 Qb6 25. Qxb6 Nxb6 26. Rad1 g5 27. g3 g4 28.
Bg2 Rxe2 29. Rxe2 Rxe2 30. d6 Bd7 31. Kf1 Re6 32. Bb7 Kg7 33. Bxa6 Nc4 34. Rd3
Rxd6 35. Rxd6 Nxd6 36. Ke2 Kf6 37. Ke3 Ke5 38. Kd3 h5 39. Ke3 Nc4+ 40. Kf2 Na3
41. Bb7 Nc2 0-1

[Event "Ronne Jubilaum"]
[Site "Ronne"]
[Date "2001.06.27"]
[Round "5"]
[White "Furseev, Evgeni"]
[Black "Erikstad, Olav Aage"]
[Result "1/2-1/2"]
[WhiteElo "1800"]
[BlackElo "1548"]
[PlyCount "80"]
[EventDate "2001.??.??"]
[EventType "swiss"]
[EventRounds "9"]
[EventCountry "DEN"]
[SourceDate "2005.12.01"]

1. e4 c6 2. d4 d5 3. Nd2 dxe4 4. Nxe4 Nd7 5. Qe2 e6 6. Be3 Ngf6 7. Ng5 h6 8.
N5h3 Qb6 9. c3 a6 10. d5 c5 11. dxe6 Qxe6 12. Nf4 Qe7 13. O-O-O Nb6 14. Rd6 Nc4
15. Rxf6 Nxe3 16. Rxf7 Qxf7 17. Qxe3+ Be7 18. Nf3 Rf8 19. g3 g5 20. Ne5 gxf4
21. Qf3 Qg7 22. Qh5+ Kd8 23. Bc4 fxg3 24. hxg3 Qg5+ 25. f4 Qxh5 26. Rxh5 Rf6
27. Nf7+ Kc7 28. Nxh6 Be6 29. Bxe6 Rxe6 30. Nf5 Rd8 31. Rh7 Rd7 32. g4 Bd6 33.
Ng7 Bxf4+ 34. Kc2 Re2+ 35. Kb3 b5 36. Ka3 Bd6 37. g5 c4+ 38. b4 Bf8 39. g6 Rxg7
40. Rxg7+ Bxg7 1/2-1/2

[Event "Ronne Jubilaum"]
[Site "Ronne"]
[Date "2001.06.27"]
[Round "5"]
[White "Tairova, Elena"]
[Black "Cordes, Till"]
[Result "1/2-1/2"]
[WhiteElo "1800"]
[BlackElo "1431"]
[PlyCount "90"]
[EventDate "2001.??.??"]
[EventType "swiss"]
[EventRounds "9"]
[EventCountry "DEN"]
[SourceDate "2005.12.01"]

1. e4 c5 2. Nf3 d6 3. d4 cxd4 4. Nxd4 Nf6 5. Nc3 g6 6. f4 Bg7 7. e5 dxe5 8.
fxe5 Nfd7 9. e6 Ne5 10. Bb5+ Nbc6 11. exf7+ Kxf7 12. O-O+ Bf6 13. Be3 Ng4 14.
Nxc6 bxc6 15. Bc4+ Kg7 16. Bc5 Qc7 17. g3 Qe5 18. Bf2 Nxf2 19. Rxf2 Qc5 20. Qd3
Bd4 21. Raf1 Bh3 22. Ne4 Bxf1 23. Kxf1 Qe5 24. Rf7+ Kh6 25. Qd2+ g5 26. h4 Raf8
27. Nxg5 Qe3 28. Qxe3 Bxe3 29. Ke2 Bxg5 30. hxg5+ Kxg5 31. Rxe7 Re8 32. Rxe8
Rxe8+ 33. Kf3 Re5 34. b4 a5 35. c3 h6 36. g4 Kf6 37. Kf4 Rg5 38. Be2 Ke6 39.
Ke4 Kd6 40. a4 Kc7 41. Kd4 Kb6 42. Kc4 Re5 43. Bd3 Rg5 44. Be2 Re5 45. Bd3 Rg5
1/2-1/2

[Event "Ronne Jubilaum"]
[Site "Ronne"]
[Date "2001.06.27"]
[Round "5"]
[White "Hansen, Erik Hedegaard"]
[Black "Svanholm, Borge"]
[Result "1/2-1/2"]
[WhiteElo "1634"]
[BlackElo "1712"]
[PlyCount "70"]
[EventDate "2001.??.??"]
[EventType "swiss"]
[EventRounds "9"]
[EventCountry "DEN"]
[SourceDate "2005.12.01"]

1. d4 Nf6 2. c4 g6 3. Nc3 Bg7 4. e4 d6 5. Bd3 e5 6. d5 O-O 7. f3 Nbd7 8. b4 a5
9. Rb1 axb4 10. Rxb4 Nc5 11. Be3 Nfd7 12. Nge2 f5 13. O-O b6 14. Rb1 f4 15. Bf2
g5 16. g4 fxg3 17. Nxg3 Nf6 18. Be3 h6 19. Rf2 Kh8 20. Bf1 Qe8 21. Bg2 Rf7 22.
Qf1 Kg8 23. Nb5 Qd8 24. h3 Ncd7 25. Nf5 Nh5 26. h4 Nf4 27. Bh3 Nf8 28. Bxf4
gxf4 29. Nxg7 Kxg7 30. Rg2+ Kh7 31. Bxc8 Rxc8 32. Qf2 Nd7 33. h5 Nf6 34. Qh4
Qe7 35. Rbb2 Rg8 1/2-1/2